header

How children develop / (Record no. 266340)

MARC details
000 -LEADER
fixed length control field 01763cam a2200385 i 4500
001 - CONTROL NUMBER
control field 17908186
003 - CONTROL NUMBER IDENTIFIER
control field OSt
005 - DATE AND TIME OF LATEST TRANSACTION
control field 20260609075746.0
008 - FIXED-LENGTH DATA ELEMENTS--GENERAL INFORMATION
fixed length control field 131017s2014 nyua b 001 0 eng
010 ## - LIBRARY OF CONGRESS CONTROL NUMBER
LC control number 2013952245
020 ## - INTERNATIONAL STANDARD BOOK NUMBER
International Standard Book Number 1429242310
Qualifying information hbk.
International Standard Book Number 9781429242318
Qualifying information hbk.
035 ## - SYSTEM CONTROL NUMBER
System control number 17908186
System control number (OCoLC)870309442
040 ## - CATALOGING SOURCE
Original cataloging agency UV0
Language of cataloging eng
Transcribing agency UV0
Description conventions rda
Modifying agency UV0
-- N15
-- YDXCP
-- DLC
042 ## - AUTHENTICATION CODE
Authentication code lccopycat
050 00 - LIBRARY OF CONGRESS CALL NUMBER
Classification number HQ767.9
Item number .S534 2014
100 1# - MAIN ENTRY--PERSONAL NAME
Personal name Siegler, Robert S.
245 10 - TITLE STATEMENT
Title How children develop /
Statement of responsibility, etc Robert Siegler, Judy DeLoache, Nancy Eisenberg, Jenny Saffran and Campbell Leaper.
250 ## - EDITION STATEMENT
Edition statement Fourth edition.
264 #1 - PRODUCTION, PUBLICATION, DISTRIBUTION, MANUFACTURE, AND COPYRIGHT NOTICE
Place of production, publication, distribution, manufacture New York, NY :
Name of producer, publisher, distributor, manufacturer Worth Publishers, a Macmillan Higher Education Company,
Date of production, publication, distribution, manufacture, or copyright notice [2014]
300 ## - PHYSICAL DESCRIPTION
Extent 1 volume (various pagings) :
Other physical details illustrations ;
Dimensions 29 cm
336 ## - CONTENT TYPE
Content type term text
Source rdacontent
337 ## - MEDIA TYPE
Media type term unmediated
Source rdamedia
338 ## - CARRIER TYPE
Carrier type term volume
Source rdacarrier
504 ## - BIBLIOGRAPHY, ETC. NOTE
Bibliography, etc Includes bibliographical references and index.
505 00 - FORMATTED CONTENTS NOTE
Title An introduction to child development --
-- Prenatal development and the newborn period --
-- Biology and behavior --
-- Theories of cognitive development --
-- Seeing, thinking, and doing in infancy --
-- Development of language and symbol use --
-- Conceptual development --
-- Intelligence and academic achievement --
-- Theories of social development --
-- Emotional development --
-- Attachment to others and development of self --
-- The family --
-- Peer relationships --
-- Moral development --
-- Gender development --
-- Conclusions.
650 #0 - SUBJECT ADDED ENTRY--TOPICAL TERM
Topical term or geographic name as entry element Child development.
700 1# - ADDED ENTRY--PERSONAL NAME
Personal name DeLoache, Judy S.
Personal name Eisenberg, Nancy.
906 ## - LOCAL DATA ELEMENT F, LDF (RLIN)
a 7
b cbc
c copycat
d 2
e ncip
f 20
g y-gencatlg
942 ## - ADDED ENTRY ELEMENTS (KOHA)
Source of classification or shelving scheme Library of Congress Classification
Koha item type Long Loan Books
Holdings
Withdrawn status Lost status Source of classification or shelving scheme Damaged status Not for loan Collection code Home library Current library Shelving location Date acquired Total Checkouts Full call number Barcode Date last seen Price effective from Koha item type
    Library of Congress Classification     Non-fiction Rongo University Library Rongo University Library General Stacks 09/06/2026   HQ767.9 .S534 2014 20262056 09/06/2026 09/06/2026 Long Loan Books

© 2026 Rongo University
Contact us: librarian | system librarian | Rongo university